| 000 | 00477pam a2200181 a 4500 | ||
|---|---|---|---|
| 020 |
_a0070211795 _c5775.00 |
||
| 041 |
_aeng _hNULL |
||
| 082 |
_a616.24 _bFIS |
||
| 100 | _aFISHMAN, A . | ||
| 245 |
_aFISHMAN`S PULMONARY DISEASES & DISORDERS VOL 1 / _cNULL. _hTextual Documents |
||
| 250 |
_a5 / _b. |
||
| 260 |
_aNULL : _bMCGRAW HILL , _c4998. |
||
| 300 |
_a1451+1-96 ; _cA4. |
||
| 365 | _a5775.00 | ||
| 930 | _a149 | ||
| 999 |
_c794685 _d794685 |
||
| 650 | _aGEN.MEDICINE | ||